000 00557nam a2200181Ia 4500
005 20260429112247.0
008 260429s9999||||xx |||||||||||||| ||und||
020 _a9788193277201
041 _aHindi
082 _a891.433
_bVAR
100 _aवर्मा,मेजर कृपाल
245 0 _aटेढ़ी लकीर /
_cमेजर कृपाल वर्मा
250 _a0
260 _aनई दिल्ली :
_bप्रणेता प्रकाशन,
_c2016.
300 _a285 p.; Hb
650 _aNovel
942 _cTB
999 _c53180
_d53180